000 00835cab a2200253 4500
001 ABS51745
008 090401t1994 xxu||||| |||| 00| 0 eng d
035 _a(Sirsi) u42615
041 _aeng
100 _aCollis, C.
245 _aForeign direct investment in the UK regions: recent trends and policy investment
260 _c1994
350 _a0
490 _aRegional Studies
_v28(8) December 1994, 843-848(6)
520 _aConsiders trends in international direct investment, examining sources and types of foreign direct investment, together with the policy implications.
650 _aINWARD INVESTMENT
650 _aOVERSEAS INWARD INVESTMENT
650 _aREGIONAL POLICY
650 _aREGIONS
690 _aPROPERTY-PROPERTY FINANCE AND INVESTMENT
700 _aNoon, D.
942 _n0
948 _c04/03/1997
999 _c27273
_d27273